Irodalomtörténeti alapfogalmak
Elmentve itt :
| Szerző: | |
|---|---|
| Adatforrás: | Philobibl |
| Dokumentumtípus: | Könyv |
| Nyelv: | magyar |
| Kulcsszavak: | Spengler szellemtörténet esztétika |
| Megjelent: |
Pécs
Danubia
1931
|
| LEADER | 00424nam a2200145 c 4500 | ||
|---|---|---|---|
| 001 | bibPHI0031426 | ||
| 005 | 20200924122849.2 | ||
| 008 | 080107s1931 hu hun | ||
| 100 | 1 | |a Thienemann Tivadar | |
| 245 | 1 | 0 | |a Irodalomtörténeti alapfogalmak |c Thienemann Tivadar |
| 260 | |a Pécs |b Danubia |c 1931 | ||
| 500 | |a A kultúra mint individuum: Spengler 21-22. p. | ||
| 695 | |a Spengler | ||
| 695 | |a szellemtörténet | ||
| 695 | |a esztétika | ||